Paroles - Tu fais ta demeure en nous - Statistiques

Statistiques générales
  • Ce quiz a été pris 31 fois
  • Le résultat moyen est 166 sur 200
Statistiques - réponses
Paroles % Correct
d’
100%
de
100%
nous.
100%
nous
100%
t’
100%
Tu
100%
tu
100%
à
96%
demeure
96%
en
96%
En
96%
fais
96%
l’
96%
le
96%
Le
96%
Seigneur.
96%
ta
96%
es
91%
91%
est
87%
petit,
87%
pour
87%
Toi
87%
Toi,
87%
C’
83%
Puissant,
83%
ton
83%
tout-
83%
Tout-
83%
abaisses.
78%
corps
78%
et
78%
humblement
78%
livré
78%
présent,
78%
sang,
78%
serviteur.
78%
vie,
78%
cœur,
74%
buvons,
70%
mangeons,
70%
pain
70%
vin
70%
que
65%
don
61%
livres
61%
ouvres
57%
Par
57%
aimé,
48%
être
43%
nos
39%
Amour,
35%
charité,
35%
du
35%
assoiffé
30%
aujourd’
30%
hui
30%
cœurs,
26%
notre
26%
toujours
26%
Brûlé
22%
désires
22%
veux
22%
égaré,
17%
humanité,
17%
rejoins
17%
Sauveur,
17%
Unis
17%
Reposer
13%
Ostensoirs
9%
Aucun quiz correspondant
Distribution des résultats
% des personnes avec chaque résultat
Percentile par nombre de réponses
Votre historique - résultats
Vous n’avez pas pris ce quiz